Didaktická aplikácia pre riešenie systému m lineárnych rovníc s n (n>m) neznámymi

Uložené v:
Podrobná bibliografia
Hlavný autor: Bögi, Gabriel (Autor)
Ďalší autori: Kečkemétyová, Mária (Vedúci práce)
Médium: Rukopis Kniha
Jazyk:Slovak
Vydavateľské údaje: 2018
Predmet:
On-line prístup:http://is.stuba.sk/zp/portal_zp.pl?podrobnosti=115979
Tagy: Pridať tag
Žiadne tagy, Buďte prvý, kto otaguje tento záznam!

MARC

LEADER 00000ntm a22000003a 4500
001 stuzp60395
003 SK-STU
005 20181121131039.3
007 ta
008 150427s2015----xo-----f-mn---000-0-slo-d
040 |a STU  |b slo 
041 0 |a slo 
044 |a xo 
100 1 |a Bögi, Gabriel  |u 035000  |4 aut  |U FEI Fakulta elektrotechniky a informatiky  |T FEI Ústav informatiky a matematiky  |X 74608  |U E050  |Y 816  |7 74608 
242 0 1 |a Didactic application for solving a system of m equations with n (n>m) variables  |y eng 
245 1 0 |a Didaktická aplikácia pre riešenie systému m lineárnych rovníc s n (n>m) neznámymi 
260 |c 2018 
300 |a 27 s., príl.,  |b CD-ROM 
650 4 |a system of linear equations  |2 eng 
650 4 |a Gauss - Jordan elimination  |2 eng 
650 4 |a Gauss elimination  |2 eng 
650 4 |a Gaussova Jordanova eliminačná metóda  |2 slo 
650 4 |a sústava lineárnych rovníc  |2 slo 
650 4 |a Gaussova eliminačná metóda  |2 slo 
700 1 |a Kečkemétyová, Mária  |u 035000  |k Z1  |4 ths  |U FEI Fakulta elektrotechniky a informatiky  |T FEI Ústav informatiky a matematiky  |X 4252  |U E050  |Y 816  |7 A000004252 
856 4 |u http://is.stuba.sk/zp/portal_zp.pl?podrobnosti=115979 
996 |b 284ER02711  |c E*Bc- 2711  |l EE35  |s P  |a 0  |w stuzp60395_0001